The collected longer poems
में बचाया:
| मुख्य लेखक: | |
|---|---|
| स्वरूप: | पुस्तक |
| भाषा: | अंग्रेज़ी |
| प्रकाशित: |
Nueva York
New Directions
1970
|
| विषय: | |
| टैग: |
टैग जोड़ें
कोई टैग नहीं, इस रिकॉर्ड को टैग करने वाले पहले व्यक्ति बनें!
|
MARC
| LEADER | 00000nam a2200000 a 4500 | ||
|---|---|---|---|
| 001 | UCO5046 | ||
| 003 | CL-VaPUC | ||
| 008 | 000825e19700000US |||||||||||||||||eng|d | ||
| 082 | 0 | 4 | |a 811 |b REX |2 21 |
| 100 | 0 | |a Rexroth, Kenneth |e author |9 449800 | |
| 245 | 1 | 4 | |a The collected longer poems |
| 300 | |a 307 p | ||
| 942 | |c BK | ||
| 945 | |d 20000825 00:00:00 |a crobeson | ||
| 260 | |a Nueva York |b New Directions |c 1970 | ||
| 650 | 7 | |a POESIAS ESTADOUNIDENSES |2 CL-VaPUC |9 449801 | |
| 650 | 0 | |a Literatura estadounidense |9 317168 | |
| 583 | |a last modification |c 20000825 00:00:00 |k Rodrigo Vera | ||
| 999 | |c 291002 |d 291000 | ||
| 952 | |0 0 |1 0 |4 0 |6 811_000000000000000_REX_1970 |7 0 |8 A |9 340636 |a BIBART |b BIBART |d 2019-11-20 |i 1218336 |o 811 REX 1970 |p 1218336 |r 2025-03-13 |w 2019-11-20 |y BK |k ART | ||